Právne aspekty vzniku holdingu

Právna úprava holdingu v Českej republike. Holding ako forma podnikania európskej spoločnosti. Právne aspekty spájania podnikov.

Enregistré dans:
Détails bibliographiques
Auteur principal: Harumová, Anna, 1955-
Format: Chapitre de livre
Langue:slovaque
Sujets:
Tags: Ajouter un tag
Pas de tags, Soyez le premier à ajouter un tag!

MARC

LEADER 00000naa$a2200000$$$4500
001 0104693
005 20240502072140.8
041 0 |a slo 
044 |a SK 
245 1 0 |a Právne aspekty vzniku holdingu  |c Anna Harumová 
520 |a Právna úprava holdingu v Českej republike. Holding ako forma podnikania európskej spoločnosti. Právne aspekty spájania podnikov. 
610 2 0 |a holding 
610 2 0 |a zlučovanie podnikov 
610 2 0 |a úpravy právne 
100 1 |a Harumová, Anna, 1955-